study on housing type and affordable housing price for low and medium income family in sankat chheung aek, khan dongkor, phnom penh សិក្សារពីប្រភេទ និង តម្លៃលំនៅឋានសមរម្យសម្រាប់គ្រួសារមានប្រាក់ចំណូលមធ្យម និង​​ទាបនៅសង្កាត់​ជើងឯក ខណ្ឌដង្កោ រាជធានីភ្នំពេញ (Record no. 18483)

000 -LEADER
fixed length control field 00891nam a22001577a 4500
003 - CONTROL NUMBER IDENTIFIER
control field LRUA
005 - DATE AND TIME OF LATEST TRANSACTION
control field 20191209142943.0
008 - FIXED-LENGTH DATA ELEMENTS--GENERAL INFORMATION
fixed length control field 191209b xxu||||| |||| 00| 0 eng d
040 ## - CATALOGING SOURCE
Transcribing agency RUA
082 ## - DEWEY DECIMAL CLASSIFICATION NUMBER
Classification number LMA HON 2017 B652 Or.1
100 ## - MAIN ENTRY--PERSONAL NAME
9 (RLIN) 14037
Personal name HON VANCHATHOU ហ៊ន វ៉ាន់ចាន់ធូ
245 ## - TITLE STATEMENT
Title study on housing type and affordable housing price for low and medium income family in sankat chheung aek, khan dongkor, phnom penh សិក្សារពីប្រភេទ និង តម្លៃលំនៅឋានសមរម្យសម្រាប់គ្រួសារមានប្រាក់ចំណូលមធ្យម និង​​ទាបនៅសង្កាត់​ជើងឯក ខណ្ឌដង្កោ រាជធានីភ្នំពេញ
260 ## - PUBLICATION, DISTRIBUTION, ETC. (IMPRINT)
Place of publication, distribution, etc. RUA
Name of publisher, distributor, etc. Phnom penh
Date of publication, distribution, etc. 2017
300 ## - PHYSICAL DESCRIPTION
Extent x;43p
Other physical details ill;
Dimensions 29cm
942 ## - ADDED ENTRY ELEMENTS (KOHA)
Source of classification or shelving scheme
Koha item type LMA
Holdings
Price effective from Date last seen Permanent Location Not for loan Date acquired Source of classification or shelving scheme Koha item type Lost status Withdrawn status Date last checked out Total Checkouts Shelving location Damaged status Barcode Current Location Full call number
2019-12-092022-10-31Library Block B 2019-12-09 LMA  2022-10-034B652 A43381Library Block BLMA HON 2017 B652 Or.1
2019-12-092019-12-09Library Block B 2019-12-09 LMA    B652 A43456Library Block BLMA HON 2017 B652 Or.2
2019-12-092022-08-10Library Block B 2019-12-09 LMA  2022-07-205B652 A43424Library Block BLMA HON 2017 B652 Or.3
2019-12-092022-08-10Library Block B 2019-12-09 LMA  2022-07-203B652 A43359Library Block BLMA HON 2017 B652 Or.4
2019-12-092021-12-07Library Block B 2019-12-09 LMA  2021-11-234B652 A43364Library Block BLMA HON 2017 B652 Or.5
2019-12-092022-01-03Library Block B 2019-12-09 LMA  2021-12-205B652 A43369Library Block BLMA HON 2017 B652 Or.6
មជ្ឈមណ្ឌលឯការនៃសាកលវិទ្យាល័យភូមិន្ទកសិកម្មចំការដូង

Powered by Koha